000 00659nam a22001937a 4500
005 20140926150609.0
010 _aENG-110889
020 _a9789351432067
_c595.00
035 _aEN-94421
037 _bDBAD/PUB
082 _a657.42
100 _aMakkar, Rajesh
245 _aCost accounting :
_cby Rajesh Makkar
_btheory and practice for CA-intermediate (IPC) /CS/CMA and other professional courses //
250 _a14th ed
260 _aGurgaon
_bLexis Nexis
_c2014
270 _a14th Floor, Building No.10, Tower-B, DLF Cyber City, Phase-II
_bGurgaon
_e122002
300 _avarious pagings.
_c28cm(pbk)
942 _2ddc
_cEN
_mMAK
_h657.42
999 _c88729
_d88729